Robert Zemeckis Movies - Director's Filmography - Statistics

General Stats
  • This quiz has been taken 53 times
    7 since last reset
  • The average score is 11 of 26
Answer Stats
Year Movie Director Writer Producer % Correct
1985 Back to the Future Yes Yes No
100%
1989 Back to the Future Part II Yes Story No
71%
1990 Back to the Future Part III Yes Story No
71%
1992 Death Becomes Her Yes No Yes
71%
1994 Forrest Gump Yes No No
71%
2004 The Polar Express Yes Yes Yes
71%
2000 Cast Away Yes No Yes
57%
2012 Flight Yes No Yes
57%
2015 The Walk Yes Yes Yes
57%
1988 Who Framed Roger Rabbit Yes No No
57%
2007 Beowulf Yes No Yes
43%
1997 Contact Yes No Yes
43%
2024 Here Yes Yes Yes
43%
1984 Romancing the Stone Yes No No
43%
2020 The Witches Yes Yes Yes
43%
2000 What Lies Beneath Yes No Yes
43%
2009 A Christmas Carol Yes Yes Yes
29%
2016 Allied Yes No Yes
29%
2022 Pinocchio Yes Yes Yes
29%
1980 Used Cars Yes Yes No
29%
1979 1941 No Yes No
14%
2018 Welcome to Marwen Yes Yes Yes
14%
1996 Bordello of Blood No Story No
0%
1978 I Wanna Hold Your Hand Yes Yes No
0%
2026 The Last Mrs. Parrish Yes No Yes
0%
1992 Trespass No Yes Executive
0%
No matching quizzes found
Score Distribution
Percent of People with Each Score
Percentile by Number Answered
Your Score History
You have not taken this quiz since the last reset